1486 1001 1738 1921 1143 1119 1918 1035 1690 1182 1707 1737 1071 1729 1337 1684 1860 1707 1799 1117 1270 1897 1928 1126 1197 1493 1470 1827 1324 1669 1534 1485 1037 1992 1819 1777 1346 1277 1606 1891 1711 1708 1614 1722 1089 1600 1743 1016 1277 1615 1117 1185 1066 1737 1866 1475 1010 1758 1717 1562 1871 1430 1248 1393 1456 1622 1401 1036 1269 1138 1400 1713 1796 1034 1951 1320 1760 1435 1197 1534 1836 1227 1963 1703 1037 1368 1455 1848 1551 1765 1479 1323 1835 1246 1585 1686 1936 1658 1176 BCNSPRNW ULIB Ver.6.0+V

เปลี่ยนเป็นภาษาไทย

Change to English
 แสดงรายละเอียดบรรณานุกรม
  กลับหน้าหลัก

Brief Record : Get Marc (ISO 2709) : E-mail record : QR code < ปิดหน้าต่าง
LEADER : 00000nam 2200000uu 4500
001    13399123114
003     ULIB
008    140224s2556||||th 000 0 tha d
020    ^a9786161116507
060    ^aWY26.5ส739น
110    ^aสำนักการพยาบาล สำนักงานปลัดกระทรวง
245    ^aแนวทางการจัดระบบสารสนเทศทางการพยาบาลในโรงพยาบาล^cสำนักการพยาบาล สำนักงานปลัดกระทรวง
260    ^aกรุงเทพ :^bเทพเพ็ญวานิสย์,^c2556
300    ^a49 หน้า:^bตาราง
500    ^aแนวทางการจัดระบบสารสนเทศทางการพยาบาลในโรงพยาบาล ขอบเขตการใช้แนวทางการจัดระบบสารสนเทศทางการพยาบาลในโรงพยาบาลแนวทางการจัดระบบสารสนเทศทางการพยาบาล บุคลากรที่ทำหน้าที่รับผิดชอบสารสนเทศทางการพยาบาล ข้อมูล/ฐานข้อมูลทางการพยาบาลการรวบรวมและประมวลผล การนำแนวทางการจัดระบบสารสนเทศทางการพยาบาลในโรงพยาบาลสู่การปฏิบัติ
650    ^aสารสนเทศทางการพยาบาลในโรงพยาบาล
856    ูีูี ู^u http://kmops.moph.go.th/images/KM/nurse/01.pdf
856    ^zแนวทางการจัดระบบสารสนเทศทางการพยาบาล.pdf (Fulltext)^uhttp://ulibm.bcnsprnw.ac.th/ULIB6//_fulltext/fulltext/13399123114/20140224152815_1459.pdf
945    ^p0^l0^i034380
945    ^p0^l0^i034381
999    ^aเกษร โพธิ์สุวรรณ
รายการนี้ยังไม่มีแท็ก
คุณยังไม่ได้ล็อกอิน คุณสามารถมีกิจกรรมร่วมกับเว็บไซต์ได้ แต่ต้องล็อกอินก่อน ::
  ล็อกอิน

รายการสื่อสารสนเทศ

ลำดับที่ ประเภท เลขเรียก/บาร์โค้ด สถานที่ สถานะ
1. Book การพยาบาล
Book การพยาบาล
สถานะ=หนังสือเก่า
WY26.5ส739น ฉ.1 
  Barcode: 034380
ห้องสมุดวิทยาเขตสวรรค์ประชารักษ์
►ส่วนจัดเก็บหนังสือเก่า สปร
บนชั้น
  ขอยืม
2. Book การพยาบาล
Book การพยาบาล
สถานะ=หนังสือเก่า
WY26.5ส739น ฉ.2 
  Barcode: 034381
ห้องสมุดวิทยาเขตสวรรค์ประชารักษ์
►ส่วนจัดเก็บหนังสือเก่า สปร
บนชั้น
  ขอยืม

BibComment


ยังไม่เคยถูกคอมเมนท์

คอมเมนท์ทรัพยากรรายการนี้
  คอมเมนท์: แนวทางการจัดระบบ..


 Copyright 2026. Bcnsprnw @Library